Cargando...
Schaum's outlines of theory and problems of optics /
| Autor Principal: | |
|---|---|
| Formato: | Printed Book |
| Idioma: | English |
| Publicado: |
New Delhi:
McGraw Hill Education,
2011.
|
| Subjects: |
| LEADER | 00552 a2200157 4500 | ||
|---|---|---|---|
| 008 | 170411b xxu||||| |||| 00| 0 eng d | ||
| 999 | |c 113667 |d 113667 | ||
| 020 | |a 9780071321167 | ||
| 082 | |a 535 | ||
| 100 | |a Hecht, Eugene | ||
| 245 | |a Schaum's outlines of theory and problems of optics / |c Eugene Hecht | ||
| 260 | |b McGraw Hill Education, |c 2011. |a New Delhi: | ||
| 300 | |a 242p. |c 28cm. | ||
| 650 | |a Optics | ||
| 942 | |2 ddc |c BK | ||
| 952 | |0 0 |1 0 |4 0 |6 535_000000000000000_HEC_S |7 0 |9 120872 |a UL |b UL |c ST1 |d 2017-03-17 |e 176 |g 458.15 |l 0 |o 535 HEC/S |p 95563 |r 2017-03-15 |v 595.00 |y BK | ||